[Event "4NCL Online Division 3"]
[Site "online"]
[Date "2020.10.06"]
[Round "4.84"]
[White "Tunks, Dominic R"]
[Black "Layhe, Neville"]
[Result "1-0"]
[WhiteElo "2012"]
[BlackElo "1682"]
[PlyCount "37"]
[EventDate "2020.10.06"]
[WhiteTeam "Wessex Some Stars B"]
[BlackTeam "Crewe AOL"]

1. d4 e6 2. g3 Nf6 3. Bg2 d5 4. Nf3 c5 5. O-O Nc6 6. c4 cxd4 7. Nxd4 e5 8. Nxc6
bxc6 9. Nc3 Bb4 10. cxd5 Bxc3 11. bxc3 Nxd5 12. c4 Ne7 13. Ba3 Qxd1 14. Rfxd1
Bd7 15. Rab1 Nf5 16. Rb7 O-O-O 17. Rdb1 Be8 18. Rb8+ Kd7 19. R1b7+ 1-0

[Event "4NCL Online Division 3"]
[Site "online"]
[Date "2020.10.06"]
[Round "4.92"]
[White "Dicks, Duncan"]
[Black "Rydahl, Johan"]
[Result "1-0"]
[WhiteElo "2125"]
[BlackElo "1922"]
[PlyCount "103"]
[EventDate "2020.10.06"]
[WhiteTeam "Stroud Youngies"]
[BlackTeam "Mushrooms 2"]

1. e4 e5 2. Nf3 Nc6 3. d4 exd4 4. Nxd4 Bc5 5. Nb3 Bb6 6. Nc3 d6 7. Bf4 Nf6 8.
Qd2 O-O 9. O-O-O a5 10. Bb5 Be6 11. f3 Nb4 12. a3 Na6 13. Be3 Bxe3 14. Qxe3 Qe7
15. g4 c6 16. Be2 Bxb3 17. cxb3 Nc5 18. g5 Nfd7 19. Nb1 b5 20. Nd2 d5 21. Kb1
dxe4 22. Nxe4 Rfe8 23. Rhe1 Nxe4 24. fxe4 Nc5 25. Bf3 Ne6 26. h4 Qc5 27. e5
Qxe3 28. Rxe3 Rac8 29. Rd7 Red8 30. Rxd8+ Nxd8 31. Rd3 c5 32. Rd7 Kf8 33. Ra7
Nc6 34. Bxc6 Rxc6 35. Rxa5 Rb6 36. Kc2 Ke7 37. Kd3 Ke6 38. Ke4 g6 39. Ra8 c4
40. Re8+ Kd7 41. Rf8 Ke6 42. Rc8 cxb3 43. Rc3 Ra6 44. Rxb3 Ra4+ 45. Rb4 Ra5 46.
Rd4 Ra6 47. Rd6+ Rxd6 48. exd6 Kxd6 49. b3 Ke6 50. a4 f5+ 51. gxf6 Kxf6 52. a5
1-0

[Event "4NCL Online Division 3"]
[Site "online"]
[Date "2020.10.06"]
[Round "4.93"]
[White "Nash, Richard J"]
[Black "Carey, Alex"]
[Result "1-0"]
[WhiteElo "1915"]
[BlackElo "1630"]
[PlyCount "147"]
[EventDate "2020.10.06"]
[WhiteTeam "Mushrooms 2"]
[BlackTeam "Stroud Youngies"]

1. d4 d5 2. c4 c6 3. Nf3 Nf6 4. Nc3 e6 5. Bg5 Nbd7 6. e3 Bd6 7. cxd5 exd5 8.
Bd3 O-O 9. Qc2 h6 10. Bh4 Re8 11. O-O Qc7 12. Rab1 b6 13. b4 a5 14. a3 Ba6 15.
Bxa6 Rxa6 16. Qd3 Raa8 17. Rfc1 Qb7 18. Bg3 Bxg3 19. hxg3 Ne4 20. Nh4 axb4 21.
axb4 Ndf6 22. Nxe4 Nxe4 23. Nf3 Ra2 24. Rc2 Rea8 25. Ne5 R8a3 26. Rb3 Rxc2 27.
Qxc2 Rxb3 28. Qxb3 Qc7 29. b5 cxb5 30. Qxd5 Nc3 31. Qb3 Kf8 32. f3 Ne2+ 33. Kf2
Nc1 34. Qa3+ Kg8 35. Qa8+ Kh7 36. Qe4+ Kg8 37. f4 Nb3 38. Nc6 Na5 39. Qe8+ Kh7
40. d5 Nb7 41. e4 b4 42. Qe5 Qxe5 43. Nxe5 b3 44. Nc4 Nc5 45. Ke3 b5 46. Nb2
Na4 47. d6 Nxb2 48. d7 Nc4+ 49. Kd3 b2 50. Kc2 b4 51. d8=Q b3+ 52. Kb1 Kg6 53.
Qc8 Nd2+ 54. Kxb2 Nxe4 55. Qc6+ Nf6 56. Kxb3 Kf5 57. Qc5+ Kg4 58. Qf8 Kxg3 59.
Qxg7+ Ng4 60. f5 h5 61. f6 h4 62. Qxf7 Kxg2 63. Qb7+ Kg1 64. f7 h3 65. f8=Q h2
66. Qff3 h1=Q 67. Qxh1+ Kf2 68. Qbg2+ Ke3 69. Qhh3+ Kf4 70. Qgxg4+ Ke5 71.
Qhh5+ Kf6 72. Qgg6+ Ke7 73. Qhh7+ Kf8 74. Qgg8# 1-0

[Event "4NCL Online Division 3"]
[Site "online"]
[Date "2020.10.06"]
[Round "4.94"]
[White "Southcott-Moyers, Indy"]
[Black "Joslin, Tim"]
[Result "0-1"]
[WhiteElo "1667"]
[BlackElo "1810"]
[PlyCount "107"]
[EventDate "2020.10.06"]
[WhiteTeam "Stroud Youngies"]
[BlackTeam "Mushrooms 2"]

1. d4 Nf6 2. Nf3 c5 3. c3 e6 4. Bg5 Be7 5. e3 O-O 6. Bd3 b6 7. Nbd2 Bb7 8. O-O
d6 9. h3 Nbd7 10. Qe2 Re8 11. Rfe1 Qc7 12. e4 e5 13. d5 a6 14. a4 Nf8 15. Nf1
Ng6 16. Ng3 Rec8 17. c4 Ne8 18. Bxe7 Nxe7 19. Nh4 Nf6 20. Nhf5 Ng6 21. Qc2 Qd7
22. Ne2 Nh5 23. g3 Re8 24. Kg2 Bc8 25. Ng1 Ne7 26. Nxe7+ Qxe7 27. Qe2 Qg5 28.
Kh2 Qh6 29. Qe3 Qg6 30. Be2 Nf6 31. Bf3 Rf8 32. Bg2 Ne8 33. Nf3 f5 34. Nh4 Qf6
35. exf5 Bxf5 36. Rf1 Bd7 37. Be4 g6 38. b3 Ng7 39. Qh6 b5 40. axb5 axb5 41.
Rxa8 Rxa8 42. Qe3 Ra3 43. cxb5 Bxb5 44. Rc1 Nh5 45. Bf3 Nf4 46. Ng2 Nd3 47. Rc3
c4 48. Bg4 Rxb3 49. Be6+ Kg7 50. Rxb3 cxb3 51. Qa7+ Kh6 52. Qb6 Qxf2 53. Qxb5
Ne1 54. Qxb3 0-1

[Event "4NCL Online Division 3"]
[Site "online"]
[Date "2020.10.06"]
[Round "4.101"]
[White "Williams, David"]
[Black "Deary, Daniel"]
[Result "0-1"]
[WhiteElo "1900"]
[BlackElo "1833"]
[PlyCount "68"]
[EventDate "2020.10.06"]
[WhiteTeam "Ashfield Anonymous B"]
[BlackTeam "Alba Bon Accord 2"]

1. d4 d5 2. Bf4 Nf6 3. e3 c5 4. c3 Nc6 5. Nd2 Qb6 6. b3 Bf5 7. Ngf3 e6 8. Nh4
Bg4 9. f3 Bh5 10. g4 Bg6 11. Nxg6 hxg6 12. Bd3 cxd4 13. cxd4 Nb4 14. Qe2 a6 15.
O-O Bd6 16. Bg3 Bxg3 17. hxg3 Qc7 18. Kg2 Qc3 19. Rh1 Ke7 20. Rhc1 Qxd3 21.
Qxd3 Nxd3 22. Rc7+ Nd7 23. Rc3 Nb4 24. a3 Nc6 25. b4 Kd6 26. Rac1 Nb6 27. f4
Rac8 28. Nf3 Nc4 29. Ng5 Ke7 30. Nf3 f6 31. Ne1 Rh7 32. Nd3 Rch8 33. Nc5 Rh2+
34. Kf3 Nd2# 0-1

[Event "4NCL Online Division 3"]
[Site "online"]
[Date "2020.10.06"]
[Round "4.102"]
[White "Mitchell, Jeremy J"]
[Black "Burke, Steven J"]
[Result "1/2-1/2"]
[WhiteElo "1872"]
[BlackElo "1922"]
[PlyCount "141"]
[EventDate "2020.10.06"]
[WhiteTeam "Alba Bon Accord 2"]
[BlackTeam "Ashfield Anonymous B"]

1. e4 c6 2. d4 d5 3. exd5 cxd5 4. c4 Nf6 5. Nc3 g6 6. Nf3 Bg7 7. Be2 O-O 8. O-O
Nc6 9. Bf4 a6 10. a3 Nh5 11. Be3 dxc4 12. Bxc4 Bg4 13. h3 Bxf3 14. Qxf3 e6 15.
Rfd1 Qf6 16. Qe4 Qf5 17. Qxf5 exf5 18. d5 Ne5 19. Ba2 Rac8 20. d6 Nf6 21. Nd5
Nxd5 22. Bxd5 Rfd8 23. Bxb7 Rb8 24. Bxa6 Rxb2 25. Rac1 Nd7 26. a4 Rbb8 27. Bb5
Bf6 28. Rc7 Nb6 29. d7 Na8 30. Rc6 Be7 31. Rc2 Kg7 32. Ba7 Rb7 33. Bd4+ f6 34.
Re2 Kf8 35. Bc3 Nc7 36. Ba5 Ra7 37. Bb6 Rb7 38. Ba5 Ra7 39. Bc3 Nxb5 40. axb5
Raxd7 41. Rxd7 Rxd7 42. Rb2 Rb7 43. f3 Ke8 44. Kf2 Kd7 45. Ke3 Kc7 46. Kd4 Kb6
47. Kd5 Bd8 48. Bd4+ Kc7 49. Ke6 Kb8 50. Bc5 Ba5 51. Rb3 Kc7 52. Kxf6 Bb6 53.
Bxb6+ Kxb6 54. h4 Rd7 55. Rb2 Rd4 56. Kg5 Rd6 57. h5 Re6 58. Rd2 Kxb5 59. Rd7
Re2 60. g4 fxg4 61. fxg4 gxh5 62. Kxh5 Rh2+ 63. Kg5 Kc6 64. Rd3 Rh1 65. Kf6 Rh4
66. g5 Rh5 67. Rd2 Kc7 68. Rd3 Kc6 69. Rd4 Kc7 70. Rd2 Kc6 71. Rd3 1/2-1/2

[Event "4NCL Online Division 3"]
[Site "online"]
[Date "2020.10.06"]
[Round "4.103"]
[White "Combie, Alex B"]
[Black "Roy, Ali"]
[Result "1/2-1/2"]
[WhiteElo "1885"]
[BlackElo "1878"]
[PlyCount "113"]
[EventDate "2020.10.06"]
[WhiteTeam "Ashfield Anonymous B"]
[BlackTeam "Alba Bon Accord 2"]

1. c4 c6 2. d4 d5 3. Nf3 Nf6 4. Nc3 e6 5. g3 Be7 6. Bg2 O-O 7. O-O Nbd7 8. Qd3
dxc4 9. Qxc4 Nb6 10. Qb3 Nbd5 11. Rd1 b6 12. Ne5 Qc7 13. e4 Nxc3 14. bxc3 c5
15. Nc4 Ba6 16. d5 b5 17. Na3 exd5 18. exd5 Rab8 19. Bf4 Bd6 20. Bxd6 Qxd6 21.
c4 bxc4 22. Nxc4 Bxc4 23. Qxc4 Rb4 24. Qc2 Rc8 25. Rab1 Rcb8 26. a3 R4b6 27. a4
g6 28. a5 Rb4 29. Rxb4 Rxb4 30. Rc1 Rd4 31. Qxc5 Rd1+ 32. Bf1 Qxc5 33. Rxc5
Rxd5 34. Rc8+ Kg7 35. a6 Rd7 36. Rb8 Ne4 37. Rb7 Nc5 38. Rxd7 Nxd7 39. f4 Kf6
40. Kf2 Nc5 41. Ke3 Ke6 42. Bc4+ Kd6 43. Bxf7 Nxa6 44. Bg8 h6 45. Bf7 g5 46.
fxg5 hxg5 47. Ke4 Ke7 48. Bc4 Nc5+ 49. Kf5 Nd7 50. Kxg5 Ne5 51. Bb5 Nf3+ 52.
Kf4 Nxh2 53. Be2 Kf6 54. g4 Nxg4 55. Bxg4 a5 56. Bd7 a4 57. Bxa4 1/2-1/2

[Event "4NCL Online Division 3"]
[Site "online"]
[Date "2020.10.06"]
[Round "4.104"]
[White "Brennan, J Ross"]
[Black "Sudar, Dragoljub"]
[Result "0-1"]
[WhiteElo "1634"]
[BlackElo "1915"]
[PlyCount "114"]
[EventDate "2020.10.06"]
[WhiteTeam "Alba Bon Accord 2"]
[BlackTeam "Ashfield Anonymous B"]

1. d4 d5 2. c4 c6 3. cxd5 cxd5 4. Nc3 Nf6 5. Nf3 Nc6 6. e3 a6 7. a3 e6 8. Bd3
Bd6 9. O-O O-O 10. Bd2 b5 11. e4 dxe4 12. Nxe4 Be7 13. Nxf6+ Bxf6 14. Qc2 Bb7
15. Bxh7+ Kh8 16. Be4 Nxd4 17. Nxd4 Bxe4 18. Qxe4 Qxd4 19. Qxd4 Bxd4 20. Ra2
Rfc8 21. b3 Rc6 22. Rd1 Rac8 23. Kf1 Rc2 24. Rxc2 Rxc2 25. Be3 Bxe3 26. fxe3
Rc3 27. Rd6 Rxb3 28. Rxa6 Rxe3 29. Rb6 Rb3 30. Rb7 f6 31. Ra7 Kh7 32. a4 bxa4
33. Rxa4 Rb2 34. Re4 e5 35. h3 Kg6 36. Rg4+ Kf7 37. Kg1 f5 38. Rc4 g6 39. Rc6
e4 40. Kh2 f4 41. Rc4 Re2 42. Kg1 g5 43. Kf1 Re3 44. Kf2 Kg6 45. g3 Rxg3 46.
Rxe4 Rxh3 47. Re5 Kf6 48. Rb5 Re3 49. Rc5 Re5 50. Rc6+ Kf5 51. Rc4 g4 52. Rb4
g3+ 53. Kg2 Kg4 54. Rc4 Re2+ 55. Kf1 Ra2 56. Rb4 g2+ 57. Kg1 Kg3 0-1

[Event "4NCL Online Division 3"]
[Site "online"]
[Date "2020.10.06"]
[Round "4.111"]
[White "Chaplin, Peter E"]
[Black "Gruau, Martin G"]
[Result "1/2-1/2"]
[WhiteElo "2020"]
[BlackElo "2035"]
[PlyCount "55"]
[EventDate "2020.10.06"]
[WhiteTeam "Clevedon"]
[BlackTeam "Catford Cosmonauts 2"]

1. b3 e5 2. Bb2 Nc6 3. e3 d5 4. Bb5 Bd6 5. f4 Qh4+ 6. g3 Qe7 7. Nf3 f6 8. Qe2
Nh6 9. Nc3 Be6 10. e4 dxe4 11. Nxe4 Nf7 12. fxe5 Nfxe5 13. Nxe5 fxe5 14. Bxc6+
bxc6 15. Rf1 c5 16. O-O-O Rb8 17. Rde1 Bf7 18. g4 O-O 19. g5 Be6 20. h4 c4 21.
Nxd6 cxd6 22. Rxf8+ Rxf8 23. d4 cxd3 24. Qxd3 Rf2 25. Rf1 Rxf1+ 26. Qxf1 Qf7
27. Qxf7+ Kxf7 28. Ba3 1/2-1/2

[Event "4NCL Online Division 3"]
[Site "online"]
[Date "2020.10.06"]
[Round "4.112"]
[White "Wood, Peter R"]
[Black "Peters, David"]
[Result "1-0"]
[WhiteElo "1990"]
[BlackElo "1795"]
[PlyCount "31"]
[EventDate "2020.10.06"]
[WhiteTeam "Catford Cosmonauts 2"]
[BlackTeam "Clevedon"]

1. Nc3 c5 2. e4 Nc6 3. g3 d6 4. Bg2 g6 5. d3 Bg7 6. Be3 e6 7. f4 Nge7 8. Nf3
O-O 9. O-O a6 10. Qd2 b6 11. d4 f5 12. e5 cxd4 13. Nxd4 d5 14. Nxd5 exd5 15.
Nxc6 Be6 16. Nxd8 1-0

[Event "4NCL Online Division 3"]
[Site "online"]
[Date "2020.10.06"]
[Round "4.113"]
[White "Chindelevitch, Leonid"]
[Black "Allen, John P"]
[Result "0-1"]
[WhiteElo "1810"]
[BlackElo "1922"]
[PlyCount "82"]
[EventDate "2020.10.06"]
[WhiteTeam "Clevedon"]
[BlackTeam "Catford Cosmonauts 2"]

1. e4 c5 2. d4 cxd4 3. c3 dxc3 4. Nxc3 Nc6 5. Nf3 e6 6. Bf4 d6 7. Bb5 a6 8.
Bxc6+ bxc6 9. e5 d5 10. Rc1 Ne7 11. O-O Nf5 12. Na4 Bd7 13. Nc5 Bxc5 14. Rxc5
O-O 15. Qc2 Rb8 16. g4 Rb4 17. Qd2 Qb6 18. gxf5 Qxc5 19. f6 Qc4 20. Bg3 Qg4 21.
fxg7 Rfb8 22. Qd3 c5 23. b3 Bb5 24. Qc3 Bxf1 25. Kxf1 Qe4 26. Nd2 Qd4 27. Qc2
c4 28. bxc4 Rb2 29. Nf3 Qxc4+ 30. Qxc4 dxc4 31. Nd4 c3 32. Bf4 c2 33. Nb3 Rxa2
34. Nc1 Ra1 35. Ke2 Rd8 36. Nb3 Rb1 37. Nc1 a5 38. Bd2 Rxc1 39. Bxc1 Rd1 40.
Bd2 c1=Q 41. Bxc1 Rxc1 0-1

[Event "4NCL Online Division 3"]
[Site "online"]
[Date "2020.10.06"]
[Round "4.114"]
[White "Turner, Howard"]
[Black "Lintern, Jack"]
[Result "1/2-1/2"]
[WhiteElo "1930"]
[BlackElo "1800"]
[PlyCount "101"]
[EventDate "2020.10.06"]
[WhiteTeam "Catford Cosmonauts 2"]
[BlackTeam "Clevedon"]

1. e4 e5 2. Nf3 Nc6 3. c3 Nf6 4. d4 Nxe4 5. d5 Nb8 6. Bd3 Nf6 7. Nxe5 d6 8.
Bb5+ Nbd7 9. Nf3 a6 10. Ba4 b5 11. Bb3 Be7 12. Nd4 O-O 13. O-O Bb7 14. Nf5 Re8
15. Na3 Nb6 16. Ne3 Qd7 17. Qd3 Ng4 18. Nac2 Bg5 19. Nxg4 Qxg4 20. Bxg5 Qxg5
21. Ne3 Re7 22. Bc2 g6 23. f4 Qh4 24. g3 Qh3 25. Bd1 Rae8 26. Bg4 Rxe3 27. Qxe3
Rxe3 28. Bxh3 Bxd5 29. Rfe1 Rd3 30. Rad1 Rxd1 31. Rxd1 Bxa2 32. Ra1 Bc4 33.
Rxa6 Na4 34. Rc6 Nxb2 35. Rxc7 Nd1 36. Bf1 d5 37. Bxc4 bxc4 38. Kg2 Nxc3 39.
Rc5 Kf8 40. Rc7 Ke8 41. Kf3 f5 42. Ke3 Nb5 43. Rc5 d4+ 44. Kd2 Na3 45. Re5+ Kd7
46. Rd5+ Ke6 47. Rxd4 h6 48. h3 c3+ 49. Kxc3 Nb5+ 50. Kc4 Nxd4 51. Kxd4 1/2-1/2

[Event "4NCL Online Division 3"]
[Site "online"]
[Date "2020.10.06"]
[Round "4.121"]
[White "Mason, Ian"]
[Black "Murphy, Sean J"]
[Result "1-0"]
[WhiteElo "1772"]
[BlackElo "1990"]
[PlyCount "73"]
[EventDate "2020.10.06"]
[WhiteTeam "CSC 4"]
[BlackTeam "Cork"]

1. d4 Nf6 2. c4 g6 3. g3 Bg7 4. Bg2 d5 5. cxd5 Nxd5 6. Nf3 O-O 7. O-O Nc6 8. e3
Nb6 9. Nc3 Re8 10. Re1 a5 11. Qe2 e5 12. dxe5 Nxe5 13. Nxe5 Bxe5 14. Rd1 Qe7
15. Bd2 a4 16. Rac1 c6 17. e4 Be6 18. h3 Nc4 19. Nd5 Bxd5 20. exd5 Nxb2 21. Re1
Qd6 22. dxc6 Nd3 23. cxb7 Rab8 24. Be3 Nxe1 25. Qxe1 Bd4 26. Qd2 Red8 27. Rc6
Qd7 28. Qxd4 Qxd4 29. Bxd4 Rxd4 30. Ra6 Rd1+ 31. Kh2 Kg7 32. Ra8 Rdd8 33. Rxa4
Rd7 34. Ra7 Rd2 35. Ra8 Rdd8 36. Rxb8 Rxb8 37. a4 1-0

[Event "4NCL Online Division 3"]
[Site "online"]
[Date "2020.10.06"]
[Round "4.122"]
[White "De Jonge, Henk"]
[Black "Cooke, Charlie"]
[Result "1/2-1/2"]
[WhiteElo "1945"]
[BlackElo "1771"]
[PlyCount "113"]
[EventDate "2020.10.06"]
[WhiteTeam "Cork"]
[BlackTeam "CSC 4"]

1. d4 d5 2. c4 e6 3. Nc3 Nf6 4. Bg5 Be7 5. e3 O-O 6. Nf3 b6 7. Rc1 Bb7 8. Bd3
Nbd7 9. O-O dxc4 10. Bxc4 c5 11. Qe2 cxd4 12. exd4 Rc8 13. Bb3 Re8 14. Rfd1 h6
15. Bh4 Nf8 16. Ne5 Nd5 17. Bxe7 Nxc3 18. bxc3 Rxe7 19. Qg4 Nd7 20. Nxd7 Rxd7
21. Rd3 Bd5 22. Rg3 Qg5 23. Qxg5 hxg5 24. Rxg5 Bxb3 25. axb3 Rxd4 26. Kf1 Rd3
27. Rg3 Rxg3 28. hxg3 Kf8 29. Ke2 e5 30. g4 Ke7 31. Ke3 Ke6 32. g3 f6 33. c4 g6
34. Ra1 Rc7 35. Rh1 a5 36. f4 exf4+ 37. gxf4 a4 38. bxa4 Rxc4 39. Rb1 Rxa4 40.
Rxb6+ Ke7 41. Rb7+ Ke6 42. Rg7 Ra3+ 43. Ke4 Ra4+ 44. Kf3 Ra3+ 45. Kg2 Ra4 46.
Kg3 Ra3+ 47. Kh4 Ra4 48. Rxg6 Rxf4 49. Kh5 Kf7 50. Kh6 Kf8 51. Kh7 Kf7 52. Rg7+
Kf8 53. Rg8+ Kf7 54. Rg7+ Kf8 55. Rg8+ Kf7 56. Rg7+ Kf8 57. Rg8+ 1/2-1/2

[Event "4NCL Online Division 3"]
[Site "online"]
[Date "2020.10.06"]
[Round "4.123"]
[White "Lawson, David"]
[Black "Foran, Barry"]
[Result "1-0"]
[WhiteElo "1765"]
[BlackElo "1605"]
[PlyCount "109"]
[EventDate "2020.10.06"]
[WhiteTeam "CSC 4"]
[BlackTeam "Cork"]

1. d4 c6 2. e4 d5 3. e5 c5 4. c3 Nc6 5. Nf3 Bg4 6. Be2 e6 7. O-O Nge7 8. Nbd2
Ng6 9. Qa4 a6 10. dxc5 Bxf3 11. Nxf3 Bxc5 12. b4 Be7 13. b5 axb5 14. Qxb5 Qd7
15. c4 Ncxe5 16. Nxe5 Qxb5 17. Nxg6 Qc6 18. cxd5 Qc3 19. Bb5+ Kd8 20. Nxh8 Bf6
21. Be3 Qxa1 22. Rxa1 Bxa1 23. Nxf7+ Ke7 24. dxe6 Rc8 25. Bd7 Rc2 26. a4 Bf6
27. g3 h6 28. Kf1 Bb2 29. Ke1 Ba3 30. Kd1 Rc4 31. Bb6 Kf6 32. Bd8+ Be7 33.
Bxe7+ Kxe7 34. Kd2 Rb4 35. Kc3 Re4 36. Kd3 Rb4 37. Ne5 Rb2 38. Ng6+ Kd8 39. Ke3
Rb3+ 40. Ke4 Rb2 41. f4 Rxh2 42. g4 Rg2 43. Ne5 Ke7 44. Kf5 h5 45. gxh5 Rf2 46.
Ke4 Rh2 47. Ng6+ Kd8 48. Ke5 Rxh5+ 49. f5 b6 50. Nf4 Rh1 51. Nd5 Re1+ 52. Kd6
Re2 53. e7+ Rxe7 54. Nxe7 g5 55. Nc6# 1-0

[Event "4NCL Online Division 3"]
[Site "online"]
[Date "2020.10.06"]
[Round "4.124"]
[White "Bradley, Michael"]
[Black "Usher, Michael E"]
[Result "0-1"]
[WhiteElo "1427"]
[BlackElo "1677"]
[PlyCount "80"]
[EventDate "2020.10.06"]
[WhiteTeam "Cork"]
[BlackTeam "CSC 4"]

1. e4 e6 2. f4 d5 3. e5 c5 4. Nf3 Nc6 5. c3 Nh6 6. Na3 d4 7. d3 Be7 8. Be2 Bd7
9. O-O O-O 10. Nc2 dxc3 11. bxc3 Nf5 12. Ne3 Qc7 13. Nxf5 exf5 14. Be3 Be6 15.
Qc2 Rfd8 16. Rfd1 Rac8 17. Rac1 Qa5 18. a3 h6 19. a4 Rd5 20. Qb2 Qc7 21. d4 Na5
22. c4 Rxd4 23. Nxd4 cxd4 24. Bxd4 Nc6 25. Bf2 f6 26. Bf3 fxe5 27. fxe5 Bg5 28.
Rc2 Bf4 29. Bg3 Be3+ 30. Kf1 f4 31. Bf2 Bxf2 32. Kxf2 Nxe5 33. Bxb7 Rb8 34. Qb5
Ng4+ 35. Ke1 Ne3 36. Rdd2 Nxc2+ 37. Rxc2 Qxb7 38. Qa5 Qe4+ 39. Re2 Rb1+ 40. Kf2
Qd4+ 0-1

[Event "4NCL Online Division 3"]
[Site "online"]
[Date "2020.10.06"]
[Round "4.131"]
[White "Brown, Alan M"]
[Black "Rathbone-Jones, Ifan"]
[Result "1-0"]
[WhiteElo "2008"]
[BlackElo "2095"]
[PlyCount "141"]
[EventDate "2020.10.06"]
[WhiteTeam "MK Phoenix 2"]
[BlackTeam "Fischer's Catch"]

1. d4 d5 2. Nf3 Nf6 3. c4 e6 4. Bg5 Be7 5. e3 c6 6. Be2 O-O 7. O-O Nbd7 8. Nc3
b6 9. cxd5 exd5 10. Rc1 Bb7 11. Qb3 Rc8 12. Nd2 h6 13. Bh4 c5 14. dxc5 Nxc5 15.
Qd1 Nfe4 16. Bxe7 Qxe7 17. Nf3 Rfd8 18. Nd4 a5 19. Bg4 Rb8 20. Nf5 Qf6 21. Qd4
Qg5 22. Bh3 Ne6 23. Qxb6 Nd2 24. f4 Qf6 25. Rfd1 Nc4 26. Qa7 Nxb2 27. Nxd5 Bxd5
28. Rxd5 Rf8 29. Qe7 Qg6 30. Qa3 Qf6 31. Rxa5 Rfc8 32. Rxc8+ Rxc8 33. Ne7+ Kh8
34. Nxc8 Nc4 35. Qb4 Nxa5 36. Qxa5 Qa1+ 37. Kf2 Qb2+ 38. Kg3 Qe2 39. Qc3 Nf8
40. Ne7 Kh7 41. a4 h5 42. Bf5+ g6 43. Bh3 f6 44. Nd5 h4+ 45. Kxh4 Qh5+ 46. Kg3
Qxd5 47. Qxf6 Kg8 48. Qd4 Qa5 49. Kf2 Qc7 50. Ke2 Qc2+ 51. Qd2 Qc4+ 52. Kf2
Qxa4 53. g3 Qa1 54. Bg2 Nh7 55. Qd5+ Kf8 56. Qd6+ Kg8 57. Bd5+ Kg7 58. Qe5+
Qxe5 59. fxe5 Nf8 60. Kf3 Nd7 61. Ke4 Kf8 62. Bc6 Nb6 63. Kd4 Nc8 64. Kc5 Ne7
65. Be4 Kf7 66. Kd6 Nc8+ 67. Kd7 Nb6+ 68. Kc7 Na4 69. Kd6 Nc3 70. e6+ Kf6 71.
Bc6 1-0

[Event "4NCL Online Division 3"]
[Site "online"]
[Date "2020.10.06"]
[Round "4.132"]
[White "Sivarajasingam, Shayanna"]
[Black "Freeman, Richard C P"]
[Result "1/2-1/2"]
[WhiteElo "1952"]
[BlackElo "2016"]
[PlyCount "62"]
[EventDate "2020.10.06"]
[WhiteTeam "Fischer's Catch"]
[BlackTeam "MK Phoenix 2"]

1. e4 c5 2. Nf3 g6 3. Bc4 Nc6 4. O-O Bg7 5. c3 e6 6. d4 cxd4 7. cxd4 d5 8. exd5
exd5 9. Re1+ Nge7 10. Bb3 O-O 11. Nc3 Bg4 12. Bg5 Qd7 13. Bxe7 Nxe7 14. h3 Bxf3
15. Qxf3 Rad8 16. Rad1 a6 17. Qd3 b5 18. a3 Qa7 19. Re2 Nc6 20. Bxd5 Nxd4 21.
Re4 Nf5 22. Ree1 Ne7 23. Qf3 Bxc3 24. bxc3 Nxd5 25. Rxd5 Rxd5 26. Qxd5 Qc7 27.
Qd4 Rc8 28. Qf6 Qc6 29. Qd4 Qc7 30. Qf6 Qc6 31. Qd4 Qc7 1/2-1/2

[Event "4NCL Online Division 3"]
[Site "online"]
[Date "2020.10.06"]
[Round "4.133"]
[White "Elwin, Adrian G"]
[Black "Fraser, Susanna"]
[Result "1-0"]
[WhiteElo "1982"]
[BlackElo "1810"]
[PlyCount "111"]
[EventDate "2020.10.06"]
[WhiteTeam "MK Phoenix 2"]
[BlackTeam "Fischer's Catch"]

1. d4 d5 2. c4 e6 3. Nc3 Nf6 4. Bg5 dxc4 5. Nf3 a6 6. a4 c5 7. e3 Nc6 8. Bxc4
Be7 9. dxc5 O-O 10. O-O h6 11. Bxf6 Qxd1 12. Rfxd1 gxf6 13. Ne4 f5 14. Nd6 Rd8
15. Rab1 a5 16. Bb5 Nb4 17. Ne5 Nd5 18. Nexf7 Rf8 19. Ne5 Rd8 20. Nec4 Ra7 21.
e4 fxe4 22. Nxe4 Bd7 23. Ne5 Bxb5 24. axb5 Rc8 25. Rbc1 Raa8 26. Nd6 Bxd6 27.
cxd6 Rd8 28. d7 b6 29. Rc6 Kg7 30. Rxe6 Nf6 31. Nc6 Kf7 32. Nxd8+ Rxd8 33. Rxb6
Rxd7 34. Rxd7+ Nxd7 35. Rxh6 Nc5 36. Ra6 a4 37. h4 Ke7 38. h5 Kf7 39. h6 Kg8
40. Ra7 Kh8 41. b6 Kg8 42. b7 Nd7 43. Ra8+ Kh7 44. b8=Q Nxb8 45. Rxb8 Kxh6 46.
Rg8 Kh7 47. Rg4 a3 48. bxa3 Kh6 49. f3 Kh5 50. Kf2 Kh6 51. Ke3 Kh5 52. Kf4 Kh6
53. Kf5 Kh7 54. Kf6 Kh8 55. Kf7 Kh7 56. Rh4# 1-0

[Event "4NCL Online Division 3"]
[Site "online"]
[Date "2020.10.06"]
[Round "4.134"]
[White "Jaberansari, Daniel"]
[Black "Williamson, Kevin J"]
[Result "0-1"]
[WhiteElo "1652"]
[BlackElo "1859"]
[PlyCount "88"]
[EventDate "2020.10.06"]
[WhiteTeam "Fischer's Catch"]
[BlackTeam "MK Phoenix 2"]

1. e4 d5 2. exd5 Qxd5 3. Nc3 Qe5+ 4. Be2 c6 5. Nf3 Qc7 6. d4 Bf5 7. O-O e6 8.
a3 Nd7 9. Bg5 Ngf6 10. Re1 Be7 11. Qd2 O-O 12. Nh4 Bg6 13. Nxg6 hxg6 14. Bc4
Nb6 15. Bd3 Nbd5 16. Nxd5 cxd5 17. Qe2 Ne8 18. Bxe7 Qxe7 19. Qe5 Qd6 20. Re2
Qxe5 21. Rxe5 Nd6 22. Rae1 Rac8 23. R1e2 Nc4 24. Bxc4 Rxc4 25. c3 Rfc8 26. R5e3
a5 27. Rh3 Rxd4 28. Rhe3 Rd1+ 29. Re1 Rxe1+ 30. Rxe1 Rc4 31. h3 a4 32. Rd1 Kf8
33. Kf1 Ke7 34. Rd4 Rxd4 35. cxd4 Kf6 36. Ke2 e5 37. Ke3 Ke6 38. g4 f5 39. g5
f4+ 40. Kd3 e4+ 41. Kc3 Kf5 42. Kb4 e3 43. fxe3 f3 44. Kc3 f2 0-1

[Event "4NCL Online Division 3"]
[Site "online"]
[Date "2020.10.06"]
[Round "4.141"]
[White "Pickup, Ian R"]
[Black "Fisher, Neal"]
[Result "0-1"]
[WhiteElo "1810"]
[BlackElo "1750"]
[PlyCount "92"]
[EventDate "2020.10.06"]
[WhiteTeam "Downend 2"]
[BlackTeam "Chessmates"]

1. e4 d6 2. d4 Nf6 3. Nc3 c6 4. Nf3 Nbd7 5. e5 dxe5 6. dxe5 Ng4 7. Bf4 e6 8. h3
Nh6 9. Be2 Nf5 10. g4 Nh4 11. Nxh4 Qxh4 12. Bg3 Qd8 13. Qd2 Bb4 14. O-O O-O 15.
a3 Ba5 16. Rad1 Bxc3 17. Qxc3 Qb6 18. Rd4 a5 19. g5 Qc5 20. Rc4 Qe7 21. Qe3 Re8
22. Bd3 g6 23. Rh4 b5 24. Rh6 b4 25. a4 Nc5 26. b3 Nxd3 27. cxd3 Ba6 28. Rd1 c5
29. h4 Rad8 30. h5 c4 31. bxc4 Bxc4 32. hxg6 fxg6 33. d4 Bd5 34. Bf4 Qf7 35.
Qg3 Rf8 36. Be3 Qf3 37. Qxf3 Rxf3 38. Rh4 b3 39. Bc1 Rb8 40. Bb2 Rc8 41. Rg4
Rc2 42. Rb1 Rfxf2 43. Bc1 Rh2 44. Kf1 Rh1+ 45. Rg1 Bg2+ 46. Ke1 Rxg1# 0-1

[Event "4NCL Online Division 3"]
[Site "online"]
[Date "2020.10.06"]
[Round "4.142"]
[White "Tomlinson, Zak"]
[Black "Walsh, Shaun"]
[Result "1/2-1/2"]
[WhiteElo "1772"]
[BlackElo "1390"]
[PlyCount "89"]
[EventDate "2020.10.06"]
[WhiteTeam "Chessmates"]
[BlackTeam "Downend 2"]

1. e4 e6 2. d4 d5 3. Nd2 Nf6 4. e5 Nfd7 5. Bd3 c5 6. c3 Nc6 7. Ne2 cxd4 8. cxd4
f6 9. f4 fxe5 10. fxe5 Be7 11. O-O Nb4 12. Bb1 b6 13. Nf4 Nf8 14. Qh5+ Kd7 15.
Nf3 Ba6 16. Re1 Rc8 17. a3 Nc2 18. Bxc2 Rxc2 19. b4 Qe8 20. Qxe8+ Kxe8 21. h4
h6 22. h5 Rg8 23. Be3 g5 24. hxg6 Nxg6 25. Rec1 Rb2 26. Rab1 Ra2 27. b5 Nxf4
28. Bxf4 Rgxg2+ 29. Kh1 Rgf2 30. Rb3 Bxb5 31. Bxh6 Be2 32. Rc8+ Kd7 33. Rbc3
Bxf3+ 34. Kg1 Rg2+ 35. Kf1 Raf2+ 36. Ke1 Re2+ 37. Kf1 Rgf2+ 38. Kg1 Rg2+ 39.
Kf1 Re1+ 40. Kxe1 Bh4+ 41. Kf1 Rf2+ 42. Kg1 Rg2+ 43. Kf1 Rf2+ 44. Kg1 Rg2+ 45.
Kf1 1/2-1/2

[Event "4NCL Online Division 3"]
[Site "online"]
[Date "2020.10.06"]
[Round "4.143"]
[White "Mackenzie, Jon"]
[Black "Catt, Peter"]
[Result "1-0"]
[WhiteElo "1450"]
[BlackElo "1787"]
[PlyCount "55"]
[EventDate "2020.10.06"]
[WhiteTeam "Downend 2"]
[BlackTeam "Chessmates"]

1. e4 c5 2. Nf3 e6 3. d4 cxd4 4. Nxd4 a6 5. Nc3 Qc7 6. Be3 Nc6 7. Nxc6 bxc6 8.
Bc4 Nf6 9. Bb3 Bb4 10. Qd3 O-O 11. O-O d5 12. exd5 exd5 13. Bd4 Ng4 14. Qg3 Bd6
15. f4 f5 16. Nxd5 cxd5 17. Bxd5+ Kh8 18. Bxa8 Be6 19. h3 Nf6 20. Qf3 Bc5 21.
c3 Bxd4+ 22. cxd4 Qa7 23. Qe3 Bxa2 24. Rxa2 Qxa8 25. Qd3 Nd5 26. Rxa6 Qb8 27.
Qa3 Nxf4 28. Rxf4 1-0